| 000 | 00320nam a2200121 i 4500 | ||
|---|---|---|---|
| 001 | bg | ||
| 245 | 0 |
_aPotrzeby wodne roślin uprawnych : _bmateriały z XIII krajowego sympozjum nawadniania... |
|
| 260 |
_aWarszawa, _c1989. |
||
| 040 | _cBPK | ||
| 041 | _apol | ||
| 942 | _cKS | ||
| 008 | s pl f |000 0 pol | ||
| 999 |
_c28824 _d28824 |
||
| 856 |
_uhttp://koha.tu.koszalin.pl/cgi-bin/koha/opac-detail.pl?biblionumber=28824 _yKatalog online BPK |
||